Statistics for Countries Mentioned in the Wikipedia Page of New York City - Extreme

Click here to take the quiz!

General Stats

  • This quiz has been taken 34 times
  • The average score is 55 of 72

Answer Stats

FrequencyContextCountry% Correct
10Replaced ... as the centre of COVID-19China
100%
4... has an ethnic enclave in ManhattanItaly
100%
1Has a sister city in ...Japan
100%
5Has three sister cities in ...Mexico
100%
11Gained independence from ...United Kingdom
100%
107Is the largest city in ...United States
100%
6Has four sister cities in ...Brazil
97%
11Has nine sister cities in ...Canada
97%
4Was originally owned by ...Netherlands
97%
5... has an ethnic enclave in ManhattanAustralia
94%
3Was first claimed by ...France
94%
7... has at least 20 ethnic enclavesIndia
94%
5... has an ethnic enclave in BrooklynRussia
94%
3Has two sister cities in ...South Africa
94%
2Has two sister cities in ...South Korea
94%
2... is one of the top sources of immigrantsHaiti
90%
4Has the most Orthodox Jews outside of ...Israel
90%
1Has a sister city in ...Norway
90%
1Has a sister city in ...Sweden
90%
5Has five sister cities in ...Germany
87%
1Has a sister city in ...Ireland
87%
1Has plans for non-stop flights to ...New Zealand
87%
2... has an ethnic enclave in BrooklynPoland
87%
3Has many immigrants from ...Spain
87%
2Has a sister city in ...Turkey
87%
2Has two sister cities in ...Argentina
84%
3... is one of the top sources of immigrantsDominican Republic
84%
2Has a sister city in ...Egypt
84%
1Has many immigrants from ...Guatemala
84%
1Has a sister city in ...Indonesia
84%
2Has a sister city in ...Nigeria
84%
1Has a sister city in ...Pakistan
84%
1Has a sister city in ...Portugal
84%
3Has many immigrants from ...Colombia
81%
1Has a sister city in ...Denmark
81%
2Has many immigrants from ...Peru
81%
1Has a sister city in ...Chile
77%
2... is one of the top sources of immigrantsEcuador
77%
1Has a sister city in ...Ethiopia
77%
1Has many immigrants from ...Honduras
77%
1Has a sister city in ...Hungary
77%
2Benefits from the ... CanalPanama
77%
2Has two sister cities in ...Vietnam
77%
2Has two sister cities in ...Belgium
74%
1Has a sister city in ...Finland
74%
1Has a sister city in ...Philippines
74%
1Has a sister city in ...Switzerland
74%
1Has a sister city in ...Ukraine
74%
1Has a sister city in ...Austria
71%
1Has a sister city in ...Czech Republic
71%
1Has a sister city in ...Taiwan
71%
2Has many refugees from ...Venezuela
71%
1Has a sister city in ...Bangladesh
68%
1Has a sister city in ...Romania
68%
1Has many immigrants from ...El Salvador
65%
2... is one of the top sources of immigrantsJamaica
65%
1Has a sister city in ...Malaysia
65%
1Has a sister city in ...Thailand
65%
2Has a sister city in ...Kenya
61%
1Has the most Tibetans outside of ...Nepal
61%
1Has many immigrants from ...Tanzania
58%
2... is one of the top sources of immigrantsTrinidad and Tobago
58%
1Has a sister city in ...Singapore
55%
1... has an ethnic enclaveSri Lanka
55%
3... has an ethnic enclave in QueensGuyana
52%
1The Dutch kept ... instead of New YorkSuriname
52%
1Has a sister city in ...United Arab Emirates
52%
2Has a sister city in ...Ghana
48%
1Has a sister city in ...Luxembourg
45%
2... has an ethnic enclave in ManhattanSenegal
39%
1Has a sister city in ...Kosovo
29%
1Has a sister city in ...Gabon
23%

Score Distribution

Percentile by Number Answered

Percent of People with Each Score

Your Score History

You have not taken this quiz